AIIE Transactions Industrial Engineering Research and Development

Enregistré dans:
Détails bibliographiques
Format: Publication en série
Langue:anglais
Publié: New York American Institute of Industrial Engineers 1970
Sujets:
Tags: Ajouter un tag
Pas de tags, Soyez le premier à ajouter un tag!

MARC

LEADER 00000nas2a2200000 4500
001 s006728
005 20240109075549.4
041 0 |a eng 
044 |a US 
245 1 0 |a AIIE Transactions  |b Industrial Engineering Research and Development 
264 1 |a New York  |b American Institute of Industrial Engineers  |c 1970 
300 |a 1 zv. 
773 0 |w eu_un_cat*s120312 
610 2 0 |a inžinierstvo priemyselné 
610 2 0 |a výskum 
610 2 0 |a vývoj